Der Mann im Hintergrund
| Titel: | Der Mann im Hintergrund : Arno Tanski - ein Kommunist und Gentleman / Helga Tödt |
|---|---|
| Verfasser: | |
| Veröffentlicht: | [Norderstedt] : Pro Business, 2015 |
| Umfang: | 157 Seiten : Illustrationen |
| Format: | Buch |
| Sprache: | Deutsch |
| ISBN: | 9783864603099 |
| Hinweise zum Inhalt: |
Inhaltsverzeichnis
|
alg: 36710548
001A $03004:01-12-15
001B $01999:09-06-23 $t22:45:52.000
001C $06000:10-03-16 $t18:28:36.000
001D $01999:10-12-15
001U $0utf8
001X $00
002@ $0Aay
002C $aText $btxt $2rdacontent
002D $aohne Hilfsmittel zu benutzen $bn $2rdamedia
002E $aBand $bnc $2rdacarrier
003@ $0367105489
004A $A978-3-86460-309-9
004K $09783864603099
006G $01079396772
006H $0TOCNEUA1610 $2DNB
006T $015,N49
006U $016,A10 $f20151127
007A $0367105489 $aHEB
007G $0DE02024CD7A4A5BB0B3C7C1257F3800496D47
009P $qapplication/pdf $A2 $3Inhaltsverzeichnis $uhttp://scans.hebis.de/HEBCGI/show.pl?36710548_toc.pdf $mV:DE-603;B:DE-Mb50
010@ $ager
010E $erda
011@ $a2015
021A $aDer @Mann im Hintergrund $dArno Tanski - ein Kommunist und Gentleman $hHelga Tödt
028A $BVerfasserin $4aut $71028308418 $8Tödt, Helga$Z1946- [Tp3] $9313485852
033A $p{[Norderstedt] $nPro Business
034D $a157 Seiten
034M $aIllustrationen
041A $#Tanski, Carl Rudolf Arno $71081017082 $8Tanski, Arno$Z1899-1981 [Tp1] $9368312763
045E $c943
045F $a909 $eDDC23BSB
045F/01 $a909
045F/03 $g43832
045G $a370.943832 $eDDC23BSB
045G/01 $a370.9
045G/03 $g43832
lok: 36710548 24
101B $010-12-15 $t14:39:57.000
101C $010-12-15
101U $0utf8
145Z/01 $a6 7 M
145Z/02 $a6 15 F
145Z/03 $a6 8 K 326
exp: 36710548 24 1 #EPN
201B/01 $011-01-16 $t07:48:56.000
201C/01 $001-12-15
201U/01 $0utf8
203@/01 $0764054732
208@/01 $a10-12-15 $bz
209A/01 $a15.09135 $du $f050 $h15 09135 $x00
209C/01 $a15.09135 K $h15 09135 K
209G/01 $a73888255 $x00
220C/01 $ajwa/hae
244Z/01 $#Tanski, Carl Rudolf Arno $71081017082 $8--Tp1--Tanski, Arno$Z1899-1981 $x01 $9368312763
247C/01 $8358050-7 Marburg, Bibliothek des Herder-Instituts Marburg $9102600961
| LEADER | 00000cam a22000002c 4500 | ||
|---|---|---|---|
| 001 | 367105489 | ||
| 003 | DE-603 | ||
| 005 | 20230609224552.0 | ||
| 007 | tu | ||
| 008 | 151201s2015 xx |||| | u00||u|ger | ||
| 015 | |a 16,A10 |z 15,N49 |2 dnb | ||
| 016 | 7 | |2 DE-101 |a 1079396772 | |
| 020 | |a 9783864603099 | ||
| 024 | 3 | |a 9783864603099 | |
| 035 | |a (DE-599)HEB367105489 | ||
| 040 | |a DE-603 |b ger |c DE-603 |d DE-603 |e rda | ||
| 041 | |a ger | ||
| 082 | 0 | 4 | |8 1\u |a 909 |q DE-101 |2 23/BSB |
| 083 | 0 | |8 2\u |a 370.943832 |q DE-101 |2 23/BSB | |
| 084 | |a 943 |q DE-101 |2 sdnb | ||
| 085 | |8 1\u |b 909 | ||
| 085 | |8 1\u |z 2 |s 43832 | ||
| 085 | |8 2\u |b 370.9 | ||
| 085 | |8 2\u |z 2 |s 43832 | ||
| 100 | 1 | |a Tödt, Helga |d 1946- |e Verfasserin |4 aut |0 (DE-603)313485852 |0 (DE-588)1028308418 |2 gnd | |
| 245 | 0 | 0 | |a Der Mann im Hintergrund |b Arno Tanski - ein Kommunist und Gentleman |c Helga Tödt |
| 264 | 1 | |a [Norderstedt] |b Pro Business |c 2015 | |
| 300 | |a 157 Seiten |b Illustrationen | ||
| 336 | |a Text |b txt |2 rdacontent | ||
| 337 | |a ohne Hilfsmittel zu benutzen |b n |2 rdamedia | ||
| 338 | |a Band |b nc |2 rdacarrier | ||
| 600 | 1 | 7 | |a Tanski, Arno |d 1899-1981 |0 (DE-588)1081017082 |0 (DE-603)368312763 |2 gnd |
| 856 | 4 | 2 | |m V:DE-603;B:DE-Mb50 |q application/pdf |u http://scans.hebis.de/HEBCGI/show.pl?36710548_toc.pdf |3 Inhaltsverzeichnis |
| 924 | 0 | |9 Mb 50 |a (DE-603)764054732 |b DE-Mb50 |c HES |d c |g 15.09135 | |


